MARC보기
LDR00000nam c2200205 k 4500
001000000338704
00520250804154205
007ta
008250729s2022 ulk r 000a kor
020 ▼a 9788976828255 ▼g 93160 : ▼c \21000
040 ▼a 248032 ▼c 248032 ▼d 248032
0411 ▼a kor ▼h fre
0490 ▼l EM111124 ▼l EM111125 ▼c 2 ▼l EM111126 ▼c 3
056 ▼a 166.8 ▼2 4
090 ▼a 166.8 ▼b 낭58ㅁ
24520 ▼a 무위無爲의 공동체 / ▼d 장-뤽 낭시 ; ▼e 박준상 옮김
24611 ▼a Communauté désoeuvrée
250 ▼a 초판
260 ▼a 서울 : ▼b 그린비(그린비출판사), ▼c 2022
300 ▼a 298 p. ; ▼c 23 cm
49010 ▼a 철학의 정원 ; ▼v 051
500 ▼a 원저자명 :Jean-Luc Nancy
504 ▼a "지은이 연보" 수록
546 ▼a 프랑스어 원작을 한국어로 번역
653 ▼a 프랑스철학 ▼a 서양철학 ▼a 공동체
7001 ▼a 낭시, 장-뤽, ▼e 저
7001 ▼a 박준상, ▼e 옮김
830 ▼a 철학의 정원 ; ▼v 051
90011 ▼a Nancy, Jean-Luc
9400 ▼a 무위의 공동체
9500 ▼b \21000
990 ▼a 관리자2 ▼b 관리자2